000 00632nam a2200241Ia 4500
005 20260320201031.0
008 008 262003s9999 xx 000 0 eng d
037 _aEBOOK
040 _aCRL
040 _beng
040 _cCRL
041 _2eng
041 _aeng
084 _qCRL
100 _aBoxleitner
_91134089
245 0 _aElectrostatic Discharge and Electronic Equipment: A Practical Guide for Designing to Prevent ESD Problems
260 _bIEEE
260 _c1989
856 _uhttps://ieeexplore.ieee.org/servlet/opac?bknumber=5263830
942 _cEBOOK
999 _c1718415
_d1718415